Women At The Intersection: (Record no. 421)
[ view plain ]
| 000 -LEADER | |
|---|---|
| fixed length control field | 009070000a22002530004500 |
| 003 - CONTROL NUMBER IDENTIFIER | |
| control field | LK-CoMWRAF |
| 008 - FIXED-LENGTH DATA ELEMENTS--GENERAL INFORMATION | |
| fixed length control field | 230817t2002 ||||| |||| 00| 0 eng d |
| 020 ## - INTERNATIONAL STANDARD BOOK NUMBER | |
| International Standard Book Number | 0971141215 |
| 040 ## - CATALOGING SOURCE | |
| Original cataloging agency | LK-CoMWRAF |
| Modifying agency | LK-CoMWRAF |
| Description conventions | LK-CoMWRAF |
| 041 ## - LANGUAGE CODE | |
| Language code of text/sound track or separate title | English |
| 082 ## - DEWEY DECIMAL CLASSIFICATION NUMBER | |
| Classification number | 305.42 |
| Item number | RAC |
| 942 ## - ADDED ENTRY ELEMENTS (KOHA) | |
| Koha item type | Conference Proceeding |
| 111 ## - MAIN ENTRY--MEETING NAME | |
| Meeting name or jurisdiction name as entry element | WORLD CONFERENCE AGAINST RACISM, RACIAL DISCRIMINATION, XENOPHOBIA AND RELATED INTOLERANCE |
| Location of meeting | (Durban, South Africa, |
| Date of meeting | 2001) |
| 700 ## - ADDED ENTRY--PERSONAL NAME | |
| Personal name | Raj, Rita |
| relator term | editor |
| 700 ## - ADDED ENTRY--PERSONAL NAME | |
| Personal name | Bunch, Charlotte |
| relator term | editor |
| 700 ## - ADDED ENTRY--PERSONAL NAME | |
| Personal name | Nazombe, Elmira |
| relator term | editor |
| 245 ## - TITLE STATEMENT | |
| Title | Women At The Intersection: |
| Remainder of title | indivisible rights, identities, and oppressions |
| 260 ## - PUBLICATION, DISTRIBUTION, ETC. (IMPRINT) | |
| Place of publication, distribution, etc. | New Jersey: |
| Name of publisher, distributor, etc. | Center for Women's Global Leadership, |
| Date of publication, distribution, etc. | 2002 |
| 300 ## - PHYSICAL DESCRIPTION | |
| Extent | ix, 141p. ; 24 cm. |
| Other physical details | Glossary included |
| 650 ## - SUBJECT ADDED ENTRY--TOPICAL TERM | |
| Topical term or geographic name as entry element | WOMEN'S RIGHTS-Congresses |
| 650 W# - SUBJECT ADDED ENTRY--TOPICAL TERM | |
| Topical term or geographic name as entry element | Sex discrimination against women |
| 650 W# - SUBJECT ADDED ENTRY--TOPICAL TERM | |
| Topical term or geographic name as entry element | Sexual harassment of women |
| 650 W# - SUBJECT ADDED ENTRY--TOPICAL TERM | |
| Topical term or geographic name as entry element | Women--Crimes against |
| Withdrawn status | Lost status | Damaged status | Not for loan | Permanent Location | Current Location | Date acquired | Full call number | Barcode | Koha item type |
|---|---|---|---|---|---|---|---|---|---|
| Resource center, Muslim Women's Research And Action Forum | Resource center, Muslim Women's Research And Action Forum | 2023-08-17 | 305.42 RAC | RAF1804 | Conference Proceeding |

